Balear (Record no. 184789)
[ view plain ]
| 000 -LEADER | |
|---|---|
| campo de control de longitud fija | 00967nam a2200253 i 4500 |
| 001 - NÚMERO DE CONTROL | |
| campo de control | 184789 |
| 003 - IDENTIFICADOR DE NÚMERO DE CONTROL | |
| campo de control | ES-MaACL |
| 005 - FECHA Y HORA DE LA ÚLTIMA TRANSACCIÓN | |
| campo de control | 20250930063157.0 |
| 008 - DATOS DE LONGITUD FIJA--INFORMACIÓN GENERAL | |
| campo de control de longitud fija | 160104s2012 sp a |||| | cat d |
| 020 ## - NÚMERO INTERNACIONAL ESTÁNDAR DEL LIBRO | |
| Número Internacional Estándar del Libro | 978-84-615-8346-1 |
| 080 ## - NÚMERO DE LA CLASIFICACIÓN DECIMAL UNIVERSAL | |
| Número de la Clasificación Decimal Universal | 811.134.1'373.6(460.32) |
| 100 1# - ENTRADA PRINCIPAL--NOMBRE DE PERSONA | |
| Nombre de persona | Garau Rosselló, Mikèl, |
| Fechas asociadas al nombre | 1950- |
| 9 (RLIN) | 53931 |
| 245 10 - MENCIÓN DEL TÍTULO | |
| Título | Balear |
| Resto del título | : la lengua vernácula de Baleares / |
| Mención de responsabilidad, etc. | Mikèl Garau Rosselló. |
| 260 ## - PUBLICACIÓN, DISTRIBUCIÓN, ETC. | |
| Lugar de publicación, distribución, etc. | [Palma de Mallorca] : |
| Nombre del editor, distribuidor, etc. | Acadèmi de sa Llengo Baléà, |
| Fecha de publicación, distribución, etc. | 2012 ( |
| Lugar de fabricación/manufactura | Sevilla : |
| Fabricante | ) |
| 300 ## - DESCRIPCIÓN FÍSICA | |
| Extensión | 126 p. : |
| Otras características físicas | il. ; |
| Dimensiones | 21 cm. |
| 504 ## - NOTA DE BIBLIOGRAFÍA, ETC. | |
| Nota de bibliografía, etc. | Bibliografía: p. 124-126. |
| 650 #7 - PUNTO DE ACCESO ADICIONAL DE MATERIA--TÉRMINO DE MATERIA | |
| Término de materia o nombre geográfico como elemento de entrada | Lengua catalana- |
| Subdivisión geográfica | Baleares (Comunidad Autónoma) |
| 9 (RLIN) | 14109 |
| 710 2# - ENTRADA AGREGADA--NOMBRE DE ENTIDAD CORPORATIVA | |
| Nombre de entidad corporativa o nombre de jurisdicción como elemento de entrada | Acadèmi de sa Lléngo Baléà. |
| 9 (RLIN) | 1139 |
| 852 ## - LOCALIZACIÓN | |
| Ubicación | ES-MaACL |
| Número de control de estantería | A-13539 |
| itemnumber | 191804 |
| Sublocalización o colección | R.150802 |
| Ubicación en estantería | Depósito 1 |
| Signatura antigua | Olim: N-6539 |
| Donativo/Legado | Donacion: Real Academia Española |
| 914 ## - NOMBRE ENTIDAD DE DONANTE | |
| RLIN | 6336 |
| Nombre de congreso/reunión o jurisdicción como elemento de entrada | Real Academia Española |
| 942 ## - ELEMENTOS DE ENTRADA SECUNDARIOS (KOHA) | |
| Fuente del sistema de clasificación o colocación | Clasificación decimal universal |
| Tipo de ítem Koha | Libro impreso |
| Estatus retirado | Estado de pérdida | Fuente del sistema de clasificación o colocación | Estado de daño | No para préstamo | Biblioteca de origen | Biblioteca actual | Ubicación en estantería | Fecha de adquisición | Fuente de adquisición | Total de préstamos | Signatura topográfica completa | Código de barras | Visto por última vez | Precio de reemplazo | Tipo de ítem Koha |
|---|---|---|---|---|---|---|---|---|---|---|---|---|---|---|---|
| Clasificación decimal universal | Biblioteca del Ateneo de Madrid | Biblioteca del Ateneo de Madrid | Depósito 1 | 04/01/2016 | Donación | A-13539 | 1194590 | 23/02/2023 | 23/02/2023 | Libro impreso |
